00329nam a2200109Ia 4500008004100000100002500041245005900066260000900125300003400134440002400168650002700192180117s9999 xx 000 0 und d aby Alfredo N MENdoza aGetting out of the ignorance of historical Revisionism c2017 a11-14 pages, 2017 February 19 aPhilippine Panorama aHISTORICAL REVISIONISM